书目信息 |
| 题名: |
天文地理的奥秘
|
|
| 作者: | ;《神秘的科学奥秘》编委会 编著 | |
| 分册: | ||
| 出版信息: | 北京 中国社会出版社 2006 |
|
| 页数: | 253页 | |
| 开本: | 23cm | |
| 丛书名: | 神奇的科学奥秘 | |
| 单 册: | ||
| 中图分类: | P1-49 | |
| 科图分类: | ||
| 主题词: | 地理学--普及读物 , 天文学--普及读物 | |
| 电子资源: | ||
| ISBN: | 7-5087-0821-0 | |
| 000 | 01114nam0 2200325 450 | |
| 000 | 01077nam0 2200313 450 | |
| 000 | 01072nam0 2200325 450 | |
| 000 | 01018nam0 2200301 450 | |
| 000 | 01036nam0 2200289 450 | |
| 000 | 00999nam0 2200277 45 | |
| 005 | 20061203144518.45 | |
| 010 | @a7-5087-0821-0@dCNY23.80 | |
| 100 | @a20060829d2006 ekmy0chiy0121 ea | |
| 101 | 0 | @achi |
| 102 | @aCN@b110000 | |
| 105 | @aa z 000yy | |
| 200 | 1 | @a天文地理的奥秘@ATian Wen Di Li De Ao Mi@f《神秘的科学奥秘》编委会编著@F《 Shen Mi De Ke Xue Ao Mi》 Bian Wei Hui Bian Zhu |
| 210 | @a北京@c中国社会出版社@d2006 | |
| 215 | @a253页@c图@d23cm | |
| 225 | 2 | @a神奇的科学奥秘 |
| 330 | @a本书介绍科普趣味故事与相关知识。 | |
| 410 | 0 | @12001 @a神奇的科学奥秘 |
| 606 | 0 | @a地理学@x普及读物 |
| 606 | 0 | @a天文学@x普及读物 |
| 690 | @aP1-49@v4 | |
| 711 | 02 | @a《神秘的科学奥秘》编委会@A《 Shen Mi De Ke Xue Ao Mi》 Bian Wei Hui@4编著 |
| 801 | 0 | @aCN@b中图数据@c20061203 |
| 905 | @a10447@dP1-49@e132 | |
| 天文地理的奥秘/《神秘的科学奥秘》编委会编著.-北京:中国社会出版社,2006 |
| 253页:图;23cm.-(神奇的科学奥秘) |
| ISBN 7-5087-0821-0:CNY23.80 |
| 本书介绍科普趣味故事与相关知识。 |
| ● |
| 相关链接 |
|
|
|
|
正题名:天文地理的奥秘
索取号:P1-49/132
 
预约/预借
| 序号 | 登录号 | 条形码 | 馆藏地/架位号 | 状态 | 备注 |
| 1 | 0616840 | 206168403 | 第二样本阅览室/ [索取号:P1-49/132] | 在馆 | |
| 2 | 0616841 | 206168412 | 第三借阅区/ [索取号:P1-49/132] | 在馆 | |
| 3 | 0616842 | 206168421 | 第三借阅区/ [索取号:P1-49/132] | 在馆 | |
| 4 | 0616843 | 206168430 | 第三借阅区/ [索取号:P1-49/132] | 在馆 | |
| 5 | 0616844 | 206168449 | 第三借阅区/ [索取号:P1-49/132] | 在馆 |